000 01281nam a2200301Ia 4500
003 gtgcusco
005 20250814095734.0
008 250806t1994||||xx |||||||||||||| ||spa||
040 _agtgcusco
_bspa
_cgtgcusco
_dgtgcusco
041 _aspa
084 _aT1418
100 _aAmezquita de León, Olga Elizabeth
_914397
245 0 _aAnálisis sobre el tipo y prevalencia de anomalías menores de desarrollo de tejidos blandos y duros de la cavidad bucal y el grado de higiene bucal, en escolares de la Villa de Salcajá, Quetzaltenango. /
_cOlga Elizabeth Amézquita de León. --
260 _aGuatemala :
_bUSAC,
_c1994
300 _a140 p. :
_bil. ;
_c27 cm.
336 _atexto
_btxt
_2rdacontenido
337 _aSin mediación
_bn
_2rdamedio
338 _avolumen
_bnc
_2rdasoporte
502 _aTesis (Cirujano Dentista) -- Universidad de San Carlos de Guatemala, Facultad de Odontología. --
650 _aAnomalías de la boca
_92622
650 _aTejido periapical
_911569
650 _aEnfermedades de la boca
_91801
650 _a Mucosa bucal
_95786
700 _aAquino Esteban, Norman
_easesor
_913307
856 _uhttp://biblioteca.usac.edu.gt/tesis/09/09_1067.pdf
942 _aBiblioteca Facultad de Odontología
_cTESIS
_kT1418
_n0
999 _c6049
_d6049